| 000 | 01069aam a2200349 4500 | ||
|---|---|---|---|
| 005 | 20220823100742.0 | ||
| 008 | 150227b xxu||||| |||| 00| 0 eng d | ||
| 041 | _aspa | ||
| 082 | _a621.381 5 F645p | ||
| 100 |
_aFloyd, Thomas _96459 |
||
| 245 | _aPrincipios de circuitos eléctricos | ||
| 250 | _a8 edición | ||
| 260 |
_aMéxico _bPearson Educación _c2007 |
||
| 300 | _a968 páginas | ||
| 505 | _aContiene disco compacto N° 414 | ||
| 505 | _aDisco compacto contiene presentaciones en Power Point (Requiere instalación de aplicación) | ||
| 650 |
_aCIRCUITOS ELECTRICOS _91857 |
||
| 650 |
_aVOLTAJE _91828 |
||
| 650 |
_aLEY DE OHM _94776 |
||
| 650 |
_aENERGÍA _91101 |
||
| 650 |
_aCIRCUITOS EN SERIE _91859 |
||
| 650 |
_aCIRCUITO EN PARALELO _96460 |
||
| 650 |
_aTEOREMA DE CIRCUITOS _96461 |
||
| 650 |
_aMAGNETISMO _96462 |
||
| 650 |
_aCAPACITORES _91832 |
||
| 650 |
_aINDUCTORES _91833 |
||
| 650 |
_aTRANSFORMADORES _91863 |
||
| 650 |
_aCIRCUITOS RC _96463 |
||
| 650 |
_aCIRCUITOS RL _96464 |
||
| 650 |
_aCIRCUITOS RCL _96465 |
||
| 942 | _cBK | ||
| 999 |
_c3440 _d3440 |
||